000 00645nam a2200229Ia 4500
003 OSt
005 20221005124036.0
006 a|||||r|||| 00| 0
007 ta
008 221004b |||||||| |||| 00| 0 eng d
024 _a52954
037 _cTextual
040 _aCRL
_cCRL
_beng
041 _2eng
_aeng
082 _aQ8451.427, D0
100 _aModi Jivanji Jamshedji
_9154588
245 0 _aMarriage customs among the parsees, their comparison with similar customs ofother nations
260 _c1900
650 _aRELIGION
942 _hQ8451.427, D0
_cTEXL
_2cc
999 _c1049273
_d1049273